000
00281nam a2200097Ia 4500
001
1101923
005
20250827003312.0
008
250824s9999 xx 000 0 und d
245
0
_a
KAZIM KARABEKİR İN GÖZÜYLE YAKIN TARİHİMİZ
_c
MUSTAFA ARMAĞAN
260
_b
KETEBE YAYINLARI
999
_c
1101923
_d
1101923